Win the Asian Presidential Election! - Statistics

General Stats
  • This quiz has been taken 1,640 times
  • The average score is 309 of 500
Answers on the Map
Answers color-coded by a green-red scale on the quiz's map according to % correct below.
 
Answer Stats
# Answer % Correct
51 China
99%
49 India
98%
19 Japan
93%
27 Indonesia
89%
16 Iran
89%
24 Pakistan
86%
17 Vietnam
81%
16 Turkey
76%
11 South Korea
75%
14 Thailand
74%
9 Saudi Arabia
72%
10 Iraq
68%
18 Philippines
66%
21 Bangladesh
65%
12 Myanmar
61%
9 Malaysia
55%
4 Mongolia
44%
10 Afghanistan
43%
7 Kazakhstan
41%
8 North Korea
37%
5 Laos
36%
5 Oman
36%
9 Nepal
34%
9 Yemen
34%
7 Syria
33%
8 Taiwan
31%
7 Cambodia
27%
6 United Arab Emirates
26%
6 Israel
21%
5 Singapore
16%
8 Sri Lanka
15%
6 Jordan
14%
3 Bhutan
13%
9 Uzbekistan
13%
4 Qatar
11%
4 Kuwait
8%
3 Bahrain
6%
4 Georgia
6%
4 Armenia
5%
3 Brunei
5%
5 Lebanon
5%
6 Azerbaijan
4%
5 Turkmenistan
4%
3 Maldives
3%
3 East-Timor
2%
5 Kyrgyzstan
2%
6 Tajikistan
2%
No matching quizzes found
Score Distribution
Percent of People with Each Score
Percentile by Number Answered
Your Score History
You have not taken this quiz